[Event "Welsh Chess Championships"]
[Site "Cardiff, Wales"]
[Date "2018.03.30"]
[Round "2.12"]
[White "Hughes, Anthony"]
[Black "Camp, Imogen A L"]
[Result "1/2-1/2"]
[WhiteElo "1925"]
[BlackElo "1822"]
[PlyCount "47"]
[EventDate "2018.??.??"]
[TimeControl "6000+1500"]
[WhiteClock "0:18:18"]
[BlackClock "0:57:42"]

1. d4 d5 2. Nf3 Nf6 3. e3 Bf5 4. b3 e6 5. Bb2 Nbd7 6. Nbd2 Bd6 7. Be2 h6 8. O-O
O-O 9. Rc1 Ne4 10. c4 c6 11. c5 Bc7 12. b4 Qe7 13. Re1 a6 14. Nf1 e5 15. dxe5
Nxe5 16. Nxe5 Bxe5 17. Bxe5 Qxe5 18. Qd4 Rfe8 19. a4 Qxd4 20. exd4 Re7 21. f3
Nf6 22. Ng3 Bg6 23. Kf2 Rae8 24. Bf1 1/2-1/2

[Event "Welsh Chess Championships"]
[Site "Cardiff, Wales"]
[Date "2018.03.31"]
[Round "3.1"]
[White "Heap, Gerry"]
[Black "Kett, Tim"]
[Result "1/2-1/2"]
[WhiteElo "2080"]
[BlackElo "2231"]
[PlyCount "38"]
[EventDate "2018.??.??"]
[TimeControl "6000+820"]
[WhiteClock "0:34:45"]
[BlackClock "0:42:22"]

1. Nf3 g6 2. g3 Bg7 3. Bg2 e5 4. d3 d5 5. O-O Nc6 6. c3 Nge7 7. e4 O-O 8. Qb3
h6 9. Nbd2 Rb8 10. exd5 Qxd5 11. Qxd5 Nxd5 12. Nc4 Nb6 13. Nxb6 axb6 14. Be3
Be6 15. d4 exd4 16. Nxd4 Nxd4 17. cxd4 c6 18. Rfd1 Ra8 19. d5 cxd5 1/2-1/2

[Event "Welsh Chess Championships"]
[Site "Cardiff, Wales"]
[Date "2018.03.31"]
[Round "3.2"]
[White "Zeidler, Sven P"]
[Black "Heaven, Pete"]
[Result "1/2-1/2"]
[WhiteElo "2153"]
[BlackElo "2022"]
[PlyCount "76"]
[EventDate "2018.??.??"]
[TimeControl "6000+1320"]
[WhiteClock "0:03:41"]
[BlackClock "0:06:08"]

1. e4 c5 2. f4 e6 3. Nf3 a6 4. d3 d5 5. Be2 Be7 6. O-O Nc6 7. c4 dxe4 8. dxe4
Qxd1 9. Rxd1 Nh6 10. Nc3 O-O 11. h3 f5 12. e5 Rb8 13. Be3 Nf7 14. g4 g6 15.
gxf5 gxf5 16. Kh2 Kh8 17. Nd5 exd5 18. cxd5 Rd8 19. dxc6 bxc6 20. b3 Rxd1 21.
Rxd1 Be6 22. Nd2 Bd5 23. Rc1 Nd8 24. Bd3 Ne6 25. Rf1 Rg8 26. Rg1 Rf8 27. Nc4
Nd4 28. Bxd4 cxd4 29. Nb6 Be4 30. Bxa6 d3 31. Rd1 Rg8 32. h4 Bc5 33. Nd7 Bf2
34. Bxd3 Rg2+ 35. Kh3 Rg3+ 36. Kh2 Rg2+ 37. Kh3 Rg3+ 38. Kh2 Rg2+ 1/2-1/2

[Event "Welsh Chess Championships"]
[Site "Cardiff, Wales"]
[Date "2018.03.31"]
[Round "3.3"]
[White "Bennett, Patrick"]
[Black "Pleasants, Allan J"]
[Result "1/2-1/2"]
[WhiteElo "2014"]
[BlackElo "2114"]
[PlyCount "84"]
[EventDate "2018.??.??"]
[TimeControl "6000+750"]
[WhiteClock "0:28:13"]
[BlackClock "0:15:14"]

1. d4 d6 2. Nf3 g6 3. g3 Bg7 4. Bg2 Nf6 5. O-O O-O 6. c4 Nc6 7. Nc3 a6 8. h3 h6
9. Be3 e5 10. Rc1 Kh7 11. Kh2 exd4 12. Nxd4 Bd7 13. b3 Re8 14. Qd2 Nxd4 15.
Bxd4 Rb8 16. e3 Be6 17. Nd5 Nd7 18. Bxg7 Kxg7 19. Nf4 Qf6 20. c5 dxc5 21. Rfd1
Re7 22. Qa5 b6 23. Qxa6 Ne5 24. Qe2 h5 25. Bd5 Rh8 26. Nxe6+ fxe6 27. Bg2 h4
28. g4 Nf7 29. Rc4 Nd6 30. g5 Qxg5 31. Rg4 Qf6 32. Rg1 Rh6 33. e4 e5 34. Qe1
Nf7 35. Bf1 Nd8 36. Bc4 Ne6 37. Bxe6 Rxe6 38. Qe3 Qd8 39. Qe2 Rd6 40. R1g2 Rh8
41. Rg5 Qf6 42. Rf5 Qe7 1/2-1/2

[Event "Welsh Chess Championships"]
[Site "Cardiff, Wales"]
[Date "2018.03.31"]
[Round "3.4"]
[White "Jameson, David"]
[Black "Sands, David A"]
[Result "1/2-1/2"]
[WhiteElo "2033"]
[BlackElo "2088"]
[PlyCount "70"]
[EventDate "2018.??.??"]
[TimeControl "6000+2240"]
[WhiteClock "0:04:58"]
[BlackClock "0:07:13"]

1. e4 c5 2. c3 d5 3. exd5 Qxd5 4. d4 Nf6 5. Nf3 e6 6. Na3 Nc6 7. Nb5 Qd8 8.
dxc5 Bxc5 9. Qxd8+ Kxd8 10. Bf4 Ne4 11. Ng5 Nxg5 12. Bxg5+ f6 13. Bh4 a6 14.
O-O-O+ Ke7 15. Nd4 Bxd4 16. cxd4 Rd8 17. d5 Rxd5 18. Rxd5 exd5 19. Bd3 Be6 20.
Re1 Kf7 21. Bg3 g6 22. h4 Rc8 23. Kd2 Nd4 24. Bd6 Rc6 25. Bb4 Rc7 26. Bd6 Rd7
27. Bf4 Nc6 28. Rc1 Ne7 29. f3 d4 30. a3 Nd5 31. Bh2 h5 32. Bg1 Nf4 33. Bf1 Bd5
34. Bh2 Ne6 35. Bd3 Kg7 1/2-1/2

[Event "Welsh Chess Championships"]
[Site "Cardiff, Wales"]
[Date "2018.03.31"]
[Round "3.5"]
[White "Staniforth, Matthew"]
[Black "Brown, Thomas"]
[Result "1/2-1/2"]
[WhiteElo "1866"]
[BlackElo "2074"]
[PlyCount "98"]
[EventDate "2018.??.??"]
[TimeControl "6000+725"]
[WhiteClock "0:19:22"]
[BlackClock "0:10:26"]

1. d4 Nf6 2. c4 g6 3. Nc3 Bg7 4. Nf3 O-O 5. Bg5 c5 6. d5 d6 7. e3 h6 8. Bh4 Qa5
9. Nd2 e5 10. Be2 a6 11. O-O Qc7 12. a3 Nh7 13. b4 Nd7 14. e4 f5 15. f3 Bf6 16.
Bf2 Be7 17. Nb3 b6 18. bxc5 Nxc5 19. Nxc5 bxc5 20. exf5 gxf5 21. Be3 Bg5 22. f4
Bf6 23. fxe5 Bxe5 24. Qd2 Qg7 25. Rac1 Rf6 26. Bf4 Bd4+ 27. Kh1 Bd7 28. Bh5 Ng5
29. Rce1 Rff8 30. Nd1 Ne4 31. Qd3 Ba4 32. Ne3 Rab8 33. Nxf5 Rxf5 34. Qxe4 Rxh5
35. Qe6+ Kh7 36. Bxd6 Re8 37. Be7 Be5 38. Rf7 Rxh2+ 39. Kg1 Rxg2+ 40. Kf1 Rg1+
41. Ke2 Rg2+ 42. Kf1 Rg1+ 43. Ke2 Rg6 44. Rxg7+ Rxg7 45. Qf5+ Kh8 46. Kd3 Rgxe7
47. Rxe5 Rxe5 48. Qf6+ Kh7 49. Qf7+ Kh8 {Ke4} 1/2-1/2

[Event "Welsh Chess Championships"]
[Site "Cardiff, Wales"]
[Date "2018.03.31"]
[Round "3.6"]
[White "Rayner, Francis"]
[Black "Ralphs, Nigel"]
[Result "1-0"]
[WhiteElo "2073"]
[BlackElo "1989"]
[PlyCount "73"]
[EventDate "2018.??.??"]
[TimeControl "6000+1165"]
[WhiteClock "0:07:39"]
[BlackClock "0:03:05"]

1. e4 e5 2. Nf3 Nf6 3. d3 Nc6 4. g3 Bc5 5. Bg2 O-O 6. O-O Re8 7. c3 d6 8. b4
Bb6 9. a4 a6 10. Bb2 Ne7 11. Nbd2 c6 12. Qc2 Ng6 13. d4 Qc7 14. Rad1 Ba7 15. c4
Bg4 16. h3 Bxf3 17. Nxf3 a5 18. c5 dxc5 19. bxc5 Nd7 20. Kh2 Ngf8 21. Qc3 f6
22. Qc4+ Kh8 23. dxe5 Nxe5 24. Bxe5 fxe5 25. Ng5 Re7 26. Rd6 h6 27. Nf3 Nd7 28.
Nh4 Nxc5 29. Rfd1 Kh7 30. Bf3 Rf7 31. Kg2 Rf6 32. Rxf6 gxf6 33. Nf5 Kg6 34. h4
h5 35. Qc1 Rh8 36. Rd6 Qf7 37. Qg5+ 1-0

[Event "Welsh Chess Championships"]
[Site "Cardiff, Wales"]
[Date "2018.03.31"]
[Round "3.7"]
[White "Van Kemenade, Julie"]
[Black "Musson, Adam J"]
[Result "0-1"]
[WhiteElo "1701"]
[BlackElo "2050"]
[PlyCount "82"]
[EventDate "2018.??.??"]
[TimeControl "6000+850"]
[WhiteClock "0:05:00"]
[BlackClock "0:08:36"]

1. e4 e5 2. Bc4 Nf6 3. d3 Nc6 4. Nf3 Be7 5. O-O O-O 6. Re1 d6 7. Nbd2 Na5 8.
Bb3 Nxb3 9. axb3 c5 10. Nf1 Re8 11. h3 Bf8 12. Bg5 h6 13. Be3 d5 14. Bd2 Qc7
15. Ng3 g6 16. exd5 Nxd5 17. Ra4 Nb4 18. Ne4 Qc6 19. Bc3 f6 20. Nh4 f5 21. Ng3
b5 22. Ra1 Bg7 23. Nf3 Bb7 24. Nf1 a6 25. Ne3 Rad8 26. Qc1 Nd5 27. Bd2 Nf4 28.
Kh2 Nxg2 29. Nxg2 Qxf3 30. Rg1 f4 31. Qf1 g5 32. Ba5 Rd6 33. Ne1 Qh5 34. f3
Rde6 35. Rg4 Kh8 36. Ng2 Bc8 37. Be1 Rc6 38. Bc3 Bxg4 39. fxg4 Qg6 40. Qf3 b4
41. Bd2 e4 0-1

[Event "Welsh Chess Championships"]
[Site "Cardiff, Wales"]
[Date "2018.03.31"]
[Round "3.8"]
[White "Bullen, Alex"]
[Black "Sivarajasingam, Venetia"]
[Result "0-1"]
[WhiteElo "2112"]
[BlackElo "1764"]
[PlyCount "172"]
[EventDate "2018.??.??"]

1. d4 d5 2. Bf4 Nf6 3. e3 c5 4. c3 Nc6 5. Nd2 e6 6. Ngf3 Be7 7. Bd3 c4 8. Bc2
b5 9. O-O Bb7 10. Ne5 a5 11. Qf3 Bd6 12. e4 Bxe5 13. dxe5 dxe4 14. Nxe4 Nxe4
15. Bxe4 Qc7 16. Rfd1 Rb8 17. Rd6 Ne7 18. Rad1 Bxe4 19. Qxe4 Nd5 20. Qd4 O-O
21. Rxd5 exd5 22. e6 Qe7 23. Bxb8 Rxb8 24. exf7+ Qxf7 25. Qxd5 Qxd5 26. Rxd5 b4
27. g3 bxc3 28. bxc3 Rb1+ 29. Kg2 Rc1 30. Rxa5 Rxc3 31. Ra7 Rc1 32. Kf3 c3 33.
Rc7 Ra1 34. Rxc3 Rxa2 35. Rc7 Ra3+ 36. Kg4 Ra2 37. Kf3 Ra3+ 38. Kg2 Ra2 39. g4
h6 40. Kg3 Ra1 41. h3 Rg1+ 42. Kh2 Ra1 43. h4 Ra3 44. Kg2 Ra2 45. Kg3 Ra1 46.
f3 Rg1+ 47. Kf4 Ra1 48. Rc5 Ra4+ 49. Kf5 Ra6 50. f4 Kh7 51. Rd5 Rb6 52. Ke5 Rb1
53. g5 Rh1 54. Kf5 hxg5 55. hxg5 Ra1 56. Re5 Rb1 57. Ke6 Kg6 58. Kd5 Rd1+ 59.
Ke4 Re1+ 60. Kd5 Rd1+ 61. Ke6 Rb1 62. Rd5 Re1+ 63. Kd6 Re4 64. Rd3 Rxf4 65. Ke5
Kxg5 66. Rg3+ Rg4 67. Rf3 g6 68. Rh3 Rg1 69. Ke4 Kg4 70. Re3 g5 71. Re2 Rf1 72.
Rg2+ Kh4 73. Ke3 g4 74. Ke2 Rf8 75. Rg1 Kh3 76. Rh1+ Kg2 77. Rh7 Re8+ 78. Kd2
g3 79. Rf7 Kg1 80. Rg7 g2 81. Rg6 Re5 82. Rg8 Kf2 83. Rf8+ Kg3 84. Rg8+ Kf3 85.
Rf8+ Kg4 86. Rg8+ Rg5 0-1

[Event "Welsh Chess Championships"]
[Site "Cardiff, Wales"]
[Date "2018.03.31"]
[Round "3.9"]
[White "Ehsandar, Peter"]
[Black "Turner, Joseph David"]
[Result "1-0"]
[WhiteElo "1993"]
[BlackElo "1884"]
[PlyCount "71"]
[EventDate "2018.??.??"]
[TimeControl "6000+1560"]
[WhiteClock "0:10:40"]
[BlackClock "0:00:55"]

1. e4 e5 2. Nf3 Nc6 3. Bb5 f5 4. d3 fxe4 5. dxe4 Nf6 6. Bg5 Bd6 7. Nc3 a6 8.
Ba4 h6 9. Bh4 g5 10. Bg3 Qe7 11. O-O h5 12. h4 g4 13. Ng5 Nd4 14. Nd5 Nxd5 15.
exd5 b5 16. c3 Nf3+ 17. gxf3 bxa4 18. f4 exf4 19. Re1 Be5 20. d6 cxd6 21. Bxf4
Bb7 22. Ne4 O-O 23. Bg5 Qf7 24. Qd2 Rae8 25. Bh6 Bf4 26. Bxf4 Qxf4 27. Qxf4
Rxf4 28. Nxd6 Rb8 29. Re5 Bf3 30. Rg5+ Kf8 31. Re1 Rf6 32. Rxh5 Kg8 33. Rg5+
Kh8 34. Nf5 Rxb2 35. Re8+ Kh7 36. Rg7# 1-0

[Event "Welsh Chess Championships"]
[Site "Cardiff, Wales"]
[Date "2018.03.31"]
[Round "3.10"]
[White "Smith, Lynda"]
[Black "Fathallah, Joe"]
[Result "0-1"]
[WhiteElo "1855"]
[BlackElo "1977"]
[PlyCount "88"]
[EventDate "2018.??.??"]
[TimeControl "6000+735"]
[WhiteClock "0:07:10"]
[BlackClock "0:25:04"]

1. e4 e6 2. d4 d5 3. exd5 exd5 4. Bd3 Bd6 5. Ne2 Nf6 6. Bf4 O-O 7. O-O Bg4 8.
f3 Bh5 9. c3 c6 10. Qd2 Qc7 11. Na3 Nbd7 12. Rae1 Rfe8 13. Bxd6 Qxd6 14. Ng3
Bg6 15. Nf5 Bxf5 16. Bxf5 Nf8 17. Nc2 Ne6 18. Bxe6 fxe6 19. Qg5 Nd7 20. f4 Nf6
21. Qe5 Qxe5 22. fxe5 Ne4 23. Rf4 Rf8 24. Ref1 a5 25. Rxf8+ Rxf8 26. Rxf8+ Kxf8
27. Kf1 Kf7 28. Ke2 Kg6 29. Ke3 Kg5 30. c4 h5 31. c5 Kg4 32. Na1 g5 33. Nb3 h4
34. Nxa5 h3 35. g3 Nxg3 36. Nxb7 Nf1+ 37. Kf2 Nxh2 38. Kg1 Nf3+ 39. Kh1 Nxd4
40. a4 Kg3 41. a5 h2 42. a6 Kh3 43. a7 Ne2 44. a8=Q Ng3# 0-1

[Event "Welsh Chess Championships"]
[Site "Cardiff, Wales"]
[Date "2018.03.31"]
[Round "3.11"]
[White "Davis, Lee"]
[Black "Camp, Imogen A L"]
[Result "1/2-1/2"]
[WhiteElo "1954"]
[BlackElo "1822"]
[PlyCount "129"]
[EventDate "2018.??.??"]
[TimeControl "6000+725"]
[WhiteClock "0:45:28"]
[BlackClock "0:26:45"]

1. d4 d5 2. g3 Nf6 3. Bg2 e6 4. Nf3 Be7 5. O-O O-O 6. c4 Nbd7 7. Nc3 dxc4 8. e4
b6 9. Qe2 Bb7 10. Rd1 Bb4 11. e5 Nd5 12. Qxc4 c5 13. Ng5 Bxc3 14. bxc3 cxd4 15.
Qd3 g6 16. Qxd4 Nc5 17. Qh4 h5 18. c4 f6 19. cxd5 fxg5 20. Bxg5 Qe8 21. Bf6 Qf7
22. dxe6 Qxe6 23. Qg5 Kh7 24. Rd6 Qf7 25. Bxb7 Nxb7 26. Rd4 Nc5 27. Qd2 Rae8
28. Rc1 Qe6 29. Rxc5 bxc5 30. Rd6 Qg8 31. Rd7+ Rf7 32. Qd5 Ref8 33. e6 Rxd7 34.
Qxd7+ Kh6 35. e7 Re8 36. h4 Qf7 37. Bg5+ Kh7 38. Qxa7 Qd5 39. Qa4 Rb8 40. Qc2
c4 41. Bc1 Qd3 42. Qxd3 cxd3 43. Kf1 Kg7 44. Ke1 Kf7 45. Kd2 Kxe7 46. Kxd3 Ra8
47. a3 Ra4 48. Kc3 Kd6 49. Kb3 Re4 50. Be3 Kc6 51. a4 Kb7 52. a5 Ka6 53. Bb6
Kb5 54. Kc3 Rc4+ 55. Kd3 Ra4 56. Ke3 Ka6 57. Kf3 Kb5 58. Kg2 Ka6 59. Kh3 Ra3
60. Be3 Kxa5 61. g4 Kb5 62. gxh5 gxh5 63. Kg3 Ra4 64. Bg5 Kc6 65. Kf3 1/2-1/2

[Event "Welsh Chess Championships"]
[Site "Cardiff, Wales"]
[Date "2018.03.31"]
[Round "3.12"]
[White "Sivarajasingam, Shayanna"]
[Black "Hughes, Anthony"]
[Result "1/2-1/2"]
[WhiteElo "1729"]
[BlackElo "1925"]
[PlyCount "114"]
[EventDate "2018.??.??"]
[TimeControl "6000+1365"]
[WhiteClock "1:06:44"]
[BlackClock "0:05:42"]

1. e4 c6 2. d4 d5 3. Nc3 dxe4 4. Nxe4 Bf5 5. Ng3 Bg6 6. h4 h6 7. Nf3 Nd7 8. h5
Bh7 9. Bd3 Bxd3 10. Qxd3 e6 11. Bf4 Qa5+ 12. Bd2 Bb4 13. c3 Be7 14. c4 Qa6 15.
b3 Ngf6 16. Ne4 O-O 17. Nxf6+ Nxf6 18. Bc3 Rad8 19. Qc2 b5 20. c5 Rd5 21. Ne5
Nd7 22. Nxd7 Rxd7 23. O-O Bf6 24. Rfd1 Rfd8 25. Qe4 Rd5 26. Qe2 Qb7 27. Qg4 Qd7
28. Ba5 Rxd4 29. Rxd4 Qxd4 30. Qxd4 Rxd4 31. Bc3 Rd5 32. Bxf6 gxf6 33. b4 Rxh5
34. a4 bxa4 35. Rxa4 Rh4 36. Rxa7 Rxb4 37. Rc7 Rc4 38. Rxc6 Kf8 39. Rc8+ Ke7
40. Rc7+ Ke8 41. c6 f5 42. Rc8+ Ke7 43. g3 e5 44. c7 Rc6 45. Rh8 Rxc7 46. Rxh6
Rc2 47. Rh4 Kf6 48. Kg2 Kg5 49. Rb4 e4 50. Rb7 e3 51. Kf3 exf2 52. Rb1 Rb2 53.
Rf1 Ra2 54. Rc1 Kf6 55. Rb1 Rd2 56. Rc1 Ke5 57. Rb1 Rb2 1/2-1/2

[Event "Welsh Chess Championships"]
[Site "Cardiff, Wales"]
[Date "2018.03.31"]
[Round "4.1"]
[White "Rayner, Francis"]
[Black "Heap, Gerry"]
[Result "1-0"]
[WhiteElo "2073"]
[BlackElo "2080"]
[PlyCount "65"]
[EventDate "2018.??.??"]
[TimeControl "6000+670"]
[WhiteClock "0:16:45"]
[BlackClock "0:34:22"]

1. e4 c5 2. Nf3 d6 3. d4 cxd4 4. Nxd4 Nf6 5. Nc3 g6 6. g3 Bg7 7. Bg2 O-O 8. h3
Nc6 9. Nde2 Be6 10. O-O Rb8 11. Be3 a6 12. Nf4 Bc4 13. Re1 b5 14. b3 b4 15.
Ncd5 Bxd5 16. exd5 Ne5 17. Ne2 Qa5 18. Qd2 Rb5 19. f4 Ned7 20. Rad1 Nc5 21. c4
bxc3 22. Nxc3 Rb7 23. Bd4 Qb4 24. Kh2 a5 25. Qf2 Rc8 26. Qe3 Qa3 27. Rd2 Rbc7
28. Nb5 Qb4 29. Nxc7 Rxc7 30. Rc1 h5 31. Rc4 Qb6 32. Rdc2 h4 33. g4 1-0

[Event "Welsh Chess Championships"]
[Site "Cardiff, Wales"]
[Date "2018.03.31"]
[Round "4.2"]
[White "Kett, Tim"]
[Black "Jameson, David"]
[Result "0-1"]
[WhiteElo "2231"]
[BlackElo "2033"]
[PlyCount "178"]
[EventDate "2018.??.??"]
[TimeControl "6000+1370"]
[WhiteClock "0:03:35"]
[BlackClock "0:02:16"]

1. d4 d5 2. c4 c6 3. Nf3 Nf6 4. e3 e6 5. Nc3 Nbd7 6. Bd3 dxc4 7. Bxc4 b5 8. Be2
Bb7 9. O-O a6 10. e4 c5 11. e5 cxd4 12. Qxd4 Bc5 13. Qh4 Ne4 14. Qg4 Nxc3 15.
bxc3 Bxf3 16. gxf3 Nxe5 17. Qxg7 Ng6 18. a4 Bf8 19. Qd4 Qxd4 20. cxd4 b4 21.
Bd2 Bd6 22. a5 Ne7 23. Rfb1 Nc6 24. Bc4 Nxd4 25. Ra2 Nxf3+ 26. Kg2 Nxd2 27.
Rxd2 Ke7 28. Rb3 Rhg8+ 29. Kf3 Rgc8 30. Rbd3 Bxh2 31. Rd7+ Kf6 32. Be2 Rc7 33.
R7d4 Be5 34. Rxb4 Bc3 35. Rc2 Bxb4 36. Rxc7 Bxa5 37. Rc6 Rb8 38. Rxa6 Rb3+ 39.
Kg2 Bb6 40. Ra4 Rb2 41. Kf1 Rb1+ 42. Kg2 Re1 43. Bf3 Re5 44. Rf4+ Kg6 45. Rg4+
Kf6 46. Rf4+ Ke7 47. Rb4 Rg5+ 48. Kf1 Bc5 49. Rh4 Rg7 50. Rg4 Rg6 51. Rh4 h6
52. Rg4 Rf6 53. Kg2 Bd6 54. Ra4 Bf4 55. Ra7+ Kf8 56. Be4 Kg7 57. Ra6 Bc7 58.
Rc6 Bb8 59. Bf3 Rf4 60. Rb6 Ba7 61. Rb7 Bd4 62. Kg3 e5 63. Rc7 Bxf2+ 64. Kxf2
e4 65. Ke3 Rxf3+ 66. Kxe4 Rf1 67. Rc2 h5 68. Ke3 Kg6 69. Rg2+ Kf5 70. Ke2 Rf4
71. Rg7 Kf6 72. Rh7 Kg6 73. Rh8 Kg5 74. Ke3 Rf1 75. Rg8+ Kh4 76. Ke2 Rf5 77.
Rg1 Kh3 78. Rh1+ Kg2 79. Rh4 Re5+ 80. Kd3 Kg3 81. Rh1 h4 82. Rg1+ Kf2 83. Rg4
Rd5+ 84. Kc4 Rh5 85. Rf4+ Ke3 86. Rxf7 h3 87. Re7+ Kd2 88. Rd7+ Kc2 89. Rg7
Rh4+ 0-1

[Event "Welsh Chess Championships"]
[Site "Cardiff, Wales"]
[Date "2018.03.31"]
[Round "4.3"]
[White "Musson, Adam J"]
[Black "Zeidler, Sven P"]
[Result "0-1"]
[WhiteElo "2050"]
[BlackElo "2153"]
[PlyCount "104"]
[EventDate "2018.??.??"]
[TimeControl "6000+695"]
[WhiteClock "0:01:33"]
[BlackClock "0:08:04"]

1. d4 f5 2. Nf3 Nf6 3. g3 g6 4. Bg2 Bg7 5. O-O O-O 6. b3 Ne4 7. Bb2 Nc6 8. Nbd2
d5 9. Ne5 Nxe5 10. dxe5 c6 11. Nxe4 fxe4 12. c4 dxc4 13. Qc2 cxb3 14. Qxb3+ Qd5
15. Bxe4 Qxb3 16. axb3 Be6 17. Ra3 Rfd8 18. Bc3 a6 19. f4 Bd5 20. Bc2 c5 21. e4
Bc6 22. Rfa1 e6 23. Kf2 Bf8 24. Ra5 Bb5 25. Ke3 b6 26. R5a2 a5 27. g4 Ra7 28.
Rd1 Rad7 29. Raa1 Bh6 30. Rxd7 Rxd7 31. Bxa5 bxa5 32. Rxa5 Rb7 33. Ra8+ Bf8 34.
Rc8 Kf7 35. h4 Be7 36. g5 Ra7 37. f5 Bd7 38. Rb8 exf5 39. exf5 gxf5 40. Bd3 Be6
41. Kf4 Rd7 42. Be2 Rd4+ 43. Kg3 Rb4 44. Bh5+ Kg7 45. Re8 Rxb3+ 46. Kf4 Rb4+
47. Kg3 Rb7 48. Bf3 Rc7 49. h5 c4 50. h6+ Kg6 51. Rxe7 Rxe7 52. Kh4 Kf7 0-1

[Event "Welsh Chess Championships"]
[Site "Cardiff, Wales"]
[Date "2018.03.31"]
[Round "4.4"]
[White "Pleasants, Allan J"]
[Black "Staniforth, Matthew"]
[Result "1/2-1/2"]
[WhiteElo "2114"]
[BlackElo "1866"]
[PlyCount "60"]
[EventDate "2018.??.??"]
[TimeControl "6000+1330"]
[WhiteClock "0:02:58"]
[BlackClock "0:08:13"]

1. Nf3 d5 2. g3 Nf6 3. Bg2 Nbd7 4. d4 e6 5. O-O b5 6. a4 b4 7. c4 bxc3 8. Nxc3
Be7 9. Bf4 a6 10. Rc1 O-O 11. e4 Bb7 12. exd5 exd5 13. Re1 Rc8 14. Bh3 c5 15.
Rc2 cxd4 16. Nxd4 Rc4 17. Nf5 Bc5 18. Bd6 Qb6 19. Bxf8 Nxf8 20. Bg2 Ne6 21. Ne3
Rd4 22. Qc1 g6 23. Nb1 Rxa4 24. Nd2 Bb4 25. b3 Ra5 26. Ndc4 dxc4 27. Nxc4 Qb5
28. Nxa5 Bxg2 29. Kxg2 Qxa5 30. Rd1 Qe5 1/2-1/2

[Event "Welsh Chess Championships"]
[Site "Cardiff, Wales"]
[Date "2018.03.31"]
[Round "4.5"]
[White "Sands, David A"]
[Black "Bennett, Patrick"]
[Result "1-0"]
[WhiteElo "2088"]
[BlackElo "2014"]
[PlyCount "81"]
[EventDate "2018.??.??"]
[TimeControl "6000+1210"]
[WhiteClock "0:02:48"]
[BlackClock "0:02:04"]

1. d4 Nf6 2. c4 g6 3. Nc3 Bg7 4. e4 d6 5. h3 O-O 6. Bg5 Nbd7 7. Bd3 e5 8. d5 c6
9. Nge2 Qb6 10. b3 cxd5 11. cxd5 Nh5 12. Qd2 f5 13. exf5 Nc5 14. f6 Nxf6 15.
O-O Bd7 16. Bc2 Rac8 17. Be3 a5 18. Ng3 Qc7 19. Rac1 b6 20. Nce4 Nfxe4 21. Nxe4
Bf5 22. Ng5 Qe7 23. Bxc5 bxc5 24. Bxf5 Rxf5 25. Ne4 Qc7 26. Rc4 Rb8 27. Rfc1
Rf7 28. Qd3 Rd7 29. R1c2 Rb4 30. a3 Rxc4 31. Qxc4 Qb6 32. Rc3 Rf7 33. Rd3 Rc7
34. Rf3 Rb7 35. Qa4 Qd8 36. g3 Rd7 37. Qc6 Kh8 38. Kg2 Bf8 39. Rxf8+ Qxf8 40.
Qxd7 Qb8 41. Nf6 1-0

[Event "Welsh Chess Championships"]
[Site "Cardiff, Wales"]
[Date "2018.03.31"]
[Round "4.6"]
[White "Sivarajasingam, Venetia"]
[Black "Brown, Thomas"]
[Result "0-1"]
[WhiteElo "1764"]
[BlackElo "2074"]
[PlyCount "68"]
[EventDate "2018.??.??"]
[TimeControl "6000+1450"]
[WhiteClock "0:16:24"]
[BlackClock "0:20:48"]

1. e4 c6 2. d4 d5 3. Nc3 dxe4 4. Nxe4 Bf5 5. Ng3 Bg6 6. h4 h6 7. Nf3 e6 8. h5
Bh7 9. Bd3 Bxd3 10. Qxd3 Nf6 11. Bf4 Qa5+ 12. Bd2 Bb4 13. c3 Be7 14. c4 Qc7 15.
O-O Nbd7 16. Rfe1 Rd8 17. Qe2 O-O 18. Bc3 Bd6 19. Ne5 c5 20. Nxd7 Rxd7 21. Ne4
cxd4 22. Nxf6+ gxf6 23. Bd2 Kh7 24. Rac1 f5 25. Qf3 b6 26. b3 Rg8 27. b4 Rg4
28. c5 bxc5 29. bxc5 Bh2+ 30. Kf1 Bf4 31. Bxf4 Rxf4 32. Qe2 d3 33. Qd2 Rh4 34.
g3 Qc6 0-1

[Event "Welsh Chess Championships"]
[Site "Cardiff, Wales"]
[Date "2018.03.31"]
[Round "4.7"]
[White "Heaven, Pete"]
[Black "Ehsandar, Peter"]
[Result "1-0"]
[WhiteElo "2022"]
[BlackElo "1993"]
[PlyCount "73"]
[EventDate "2018.??.??"]
[TimeControl "6000+1020"]
[WhiteClock "0:11:55"]
[BlackClock "0:30:28"]

1. e4 c5 2. Nf3 d6 3. d4 cxd4 4. Nxd4 Nf6 5. Nc3 a6 6. Bg5 e6 7. f4 Qb6 8. Qd2
h6 9. Bh4 Qxb2 10. Rb1 Qa3 11. Bxf6 gxf6 12. Be2 h5 13. O-O Nd7 14. Kh1 b5 15.
Rf3 Qa5 16. Qe3 Bb7 17. Rh3 Rc8 18. Nb3 Qc7 19. Nd4 h4 20. a4 e5 21. fxe5 dxe5
22. Nf5 b4 23. Nd5 Bxd5 24. exd5 Qxc2 25. Bd3 Qxa4 26. Rxh4 Rxh4 27. Nxh4 Qa3
28. Nf5 b3 29. h4 b2 30. h5 Rc1+ 31. Kh2 Bc5 32. Qg3 Rxb1 33. Qg8+ Nf8 34. Bxb1
Qa1 35. Ng7+ Kd8 36. Qxf7 Kc8 37. d6 1-0

[Event "Welsh Chess Championships"]
[Site "Cardiff, Wales"]
[Date "2018.03.31"]
[Round "4.8"]
[White "Ralphs, Nigel"]
[Black "Fathallah, Joe"]
[Result "1/2-1/2"]
[WhiteElo "1989"]
[BlackElo "1977"]
[PlyCount "46"]
[EventDate "2018.??.??"]
[TimeControl "6000+620"]
[WhiteClock "0:52:14"]
[BlackClock "1:01:01"]

1. e4 e6 2. d4 d5 3. Nd2 Nc6 4. Ngf3 Nf6 5. e5 Nd7 6. Bb5 a6 7. Bxc6 bxc6 8.
Nb3 c5 9. Bg5 Be7 10. Bxe7 Qxe7 11. c3 O-O 12. O-O a5 13. Nxc5 Nxc5 14. dxc5
Ba6 15. Re1 Rab8 16. Qc2 h6 17. Rad1 Qxc5 18. Rd4 Rb4 19. Rc1 Rxd4 20. cxd4 Qb6
21. b3 a4 22. h4 axb3 23. axb3 Rb8 1/2-1/2

[Event "Welsh Chess Championships"]
[Site "Cardiff, Wales"]
[Date "2018.03.31"]
[Round "4.9"]
[White "Van Kemenade, Rudy"]
[Black "Sivarajasingam, Shayanna"]
[Result "1-0"]
[WhiteElo "1979"]
[BlackElo "1729"]
[PlyCount "79"]
[EventDate "2018.??.??"]
[TimeControl "6000+1520"]
[WhiteClock "1:17:09"]
[BlackClock "0:01:22"]

1. f4 d5 2. Nf3 Nf6 3. g3 g6 4. Bg2 Bg7 5. O-O O-O 6. d3 c5 7. c3 Nc6 8. Na3
Rb8 9. Ne5 Nd7 10. Nxd7 Qxd7 11. Qb3 d4 12. Bd2 b5 13. c4 b4 14. Nb1 Na5 15.
Qd1 Bb7 16. Be1 Bxg2 17. Kxg2 Nb7 18. Nd2 a5 19. Nf3 Nd6 20. Bd2 Nf5 21. Rb1
Ra8 22. Kh1 h5 23. Ng5 Bh6 24. Ne4 Rfc8 25. Qe1 Qe6 26. Kg1 Nd6 27. Nxd6 Qxd6
28. f5 g5 29. Qf2 Qf6 30. e4 g4 31. e5 Qg7 32. f6 exf6 33. exf6 Qg6 34. Bxh6
Qxh6 35. Qf4 Kh7 36. Qe4+ Qg6 37. Rf5 Kh6 38. Qf4+ Kh7 39. Rg5 Qxg5 40. Qxg5
1-0

[Event "Welsh Chess Championships"]
[Site "Cardiff, Wales"]
[Date "2018.03.31"]
[Round "4.10"]
[White "Hughes, Anthony"]
[Black "Davis, Lee"]
[Result "1/2-1/2"]
[WhiteElo "1925"]
[BlackElo "1954"]
[PlyCount "67"]
[EventDate "2018.??.??"]
[TimeControl "6000+1385"]
[WhiteClock "0:05:20"]
[BlackClock "0:55:44"]

1. d4 Nf6 2. Nf3 g6 3. g3 Bg7 4. Bg2 O-O 5. O-O d6 6. a4 Nbd7 7. a5 a6 8. Re1
c5 9. c3 Rb8 10. e4 e5 11. dxe5 Nxe5 12. Nxe5 dxe5 13. Be3 Qe7 14. Na3 Be6 15.
Qe2 Ng4 16. Nc2 Rfd8 17. h3 Nxe3 18. Nxe3 Rd6 19. c4 Qd7 20. Red1 Rd8 21. Rxd6
Qxd6 22. Nd5 Bxd5 23. cxd5 f5 24. Qc4 fxe4 25. Bxe4 Bf8 26. Ra3 Kg7 27. Rb3 Qc7
28. d6 Qxd6 29. Rxb7+ Rd7 30. Rb6 Qd1+ 31. Kg2 Qe1 32. Bd5 Qxa5 33. Rxa6 Qb4
34. b3 1/2-1/2

[Event "Welsh Chess Championships"]
[Site "Cardiff, Wales"]
[Date "2018.03.31"]
[Round "4.11"]
[White "Camp, Imogen A L"]
[Black "Van Kemenade, Julie"]
[Result "0-1"]
[WhiteElo "1822"]
[BlackElo "1701"]
[PlyCount "58"]
[EventDate "2018.??.??"]
[TimeControl "6000+630"]
[WhiteClock "0:20:56"]
[BlackClock "0:30:09"]

1. d4 d6 2. Nf3 Nf6 3. c4 Nbd7 4. Nc3 e5 5. e4 c6 6. Be2 Be7 7. O-O h6 8. Be3
Qc7 9. Ne1 g5 10. Nd3 Rg8 11. b4 Nf8 12. Qb3 Ng6 13. Rfd1 Nf4 14. Bf1 Ng4 15.
c5 exd4 16. Bxf4 gxf4 17. Ne2 f3 18. Nxd4 fxg2 19. Bxg2 dxc5 20. Nf3 Be6 21.
Qa4 cxb4 22. Rac1 a5 23. Nc5 Bxc5 24. Rxc5 Nxh2 25. Nxh2 Bh3 26. Rd3 Bxg2 27.
Rg3 Rxg3 28. fxg3 Qxg3 29. Rxa5 Bh3+ 0-1